[Event "ch-RSA"]
[Site "Cape Town RSA"]
[Date "2009.12.05"]
[Round "10"]
[White "Van der Nat,N"]
[Black "Van Rensburg,R"]
[Result "1-0"]
[WhiteElo "2272"]
[BlackElo "2057"]

1.e4 c5 2.Nf3 Nc6 3.Bb5 Na5 4.d4 a6 5.Be2 cxd4 6.Nxd4 e6 7.O-O d6 8.c4 Nf6
9.Nc3 Qc7 10.Be3 Bd7 11.Rc1 Be7 12.f4 O-O 13.b3 b6 14.Bf3 Nb7 15.Qd2 Kh8
16.Qf2 Rab8 17.g4 Nc5 18.g5 Nd3 19.Qd2 Nxc1 20.gxf6 Bxf6 21.Rxc1 Rg8 22.Bg2 Qd8
23.Nf3 Bc6 24.Rd1 Bxc3 25.Qxc3 Bxe4 26.Ne5 Qe7 27.Bxe4 dxe5 28.Qxe5 Rgd8
29.Rf1 f6 30.Qh5 g6 31.Qh4 Kg7 32.Qf2 Qb4 33.Qb2 Qd6 34.Bf3 Qd3 35.Re1 Rd6
36.Qf2 Qc3 37.Rc1 Qa5 38.b4 Qxb4 39.f5 e5 40.Bd5 Rc8 41.Be6 Rcd8 42.Qh4 Rd1+
43.Rxd1 Rxd1+ 44.Kg2 g5 45.Qh5  1-0

[Event "Frauenbundesliga 2009-10"]
[Site "Germany GER"]
[Date "2009.12.05"]
[Round "3"]
[White "Bochis,J"]
[Black "Skogvall,M"]
[Result "1-0"]
[WhiteElo "2077"]
[BlackElo "2100"]

1.e4 c5 2.Nf3 Nc6 3.Bb5 g6 4.O-O Bg7 5.c3 Nf6 6.Re1 d6 7.h3 Nd7 8.Na3 O-O
9.d4 a6 10.Bxc6 bxc6 11.Be3 cxd4 12.cxd4 Rb8 13.Qc2 c5 14.Rad1 Qc7 15.b3 Bb7
16.Bg5 Rfe8 17.b4 Rbc8 18.bxc5 dxc5 19.d5 Ne5 20.Nxe5 Qxe5 21.Be3 f5 22.f3 f4
23.Bf2 a5 24.Nc4 Qc3 25.Rc1 Qf6 26.Nxa5 Ba6 27.Nc6 e6 28.Qxc5 Bf8 29.d6 e5
30.Qd5+ Re6 31.d7 Rxc6 32.Rxc6  1-0

[Event "New Years All-Ukrainian Open"]
[Site "Poltava UKR"]
[Date "2009.12.07"]
[Round "5"]
[White "Maximov,D"]
[Black "Muhtarov,L"]
[Result "1-0"]
[WhiteElo "2513"]
[BlackElo "2165"]

1.e4 c5 2.Nf3 Nc6 3.Bb5 g6 4.Bxc6 dxc6 5.d3 Bg7 6.Nc3 Nf6 7.Be3 b6 8.h3 O-O
9.Qd2 Nd7 10.Bh6 e5 11.h4 Bxh6 12.Qxh6 f6 13.O-O-O Rf7 14.g4 Nf8 15.Rdg1 Ne6
16.g5 Qf8 17.Qxf8+ Kxf8 18.gxf6 Rxf6 19.Nxe5 Nd4 20.h5 Kg7 21.hxg6 hxg6 22.f4 Be6
23.f5 Bf7 24.Ng4 Rd6 25.e5 Rdd8 26.e6 Nxe6 27.fxe6 Bxe6 28.Ne5 Bf5 29.Nxc6 Re8
30.Re1 a6 31.Nd5 Rxe1+ 32.Rxe1 b5 33.Nce7 Bg4 34.Rg1 Bh5 35.Nf4 Kf6 36.Ned5+ Kf5
37.Nh3 Rd8 38.Rg5+ Ke6 39.Ndf4+ Kf6 40.Nxh5+ gxh5 41.Rxh5 c4 42.dxc4 bxc4
43.Rh6+ Kf5 44.Rxa6 Kg4 45.Nf2+ Kf3 46.Nd1 Ke2 47.Re6+ Kf3 48.Re3+ Kf4 49.Rc3 Rd4
50.a4 Ke4 51.a5 Kd5 52.Ne3+  1-0

[Event "New Years All-Ukrainian Open"]
[Site "Poltava UKR"]
[Date "2009.12.09"]
[Round "7"]
[White "Naboka,S"]
[Black "Odnorozhenko,E"]
[Result "0-1"]
[WhiteElo "2087"]
[BlackElo "2315"]

1.e4 c5 2.Nf3 Nc6 3.Bb5 d6 4.O-O Bd7 5.Re1 Nf6 6.c3 a6 7.Bf1 Bg4 8.d3 e6
9.h3 Bxf3 10.Qxf3 Be7 11.Be3 O-O 12.Nd2 Rc8 13.Rac1 b5 14.Qd1 d5 15.f4 Nd7
16.g4 Bh4 17.Re2 d4 18.cxd4 cxd4 19.Bf2 e5 20.f5 Nb4 21.Rxc8 Bxf2+ 22.Rxf2 Qxc8
23.a3 Nc2 24.g5 Ne3 25.Qh5 f6 26.h4 Qe8 27.Be2 Qxh5 28.Bxh5 Rc8 29.Nf1 Rc1
30.Be2 Nc5 31.Rf3 Na4 32.gxf6 gxf6 33.Rg3+ Kf8 34.h5 Nxf1 35.Bxf1 Nxb2 36.h6 Rc7
37.Be2 a5 38.Kf2 Na4 39.Bd1 Nc5 40.Ke2 b4 41.axb4 axb4 42.Kd2 b3 43.Rg1 Ra7
44.Ke2 Ra2+ 45.Kf3 Rh2 46.Rg7 b2  0-1

[Event "Commonwealth Open"]
[Site "Singapore SIN"]
[Date "2009.12.10"]
[Round "2"]
[White "Lee Kim Han,E"]
[Black "Koh,J"]
[Result "1-0"]
[WhiteElo "2114"]
[BlackElo "2211"]

1.e4 c5 2.Nf3 Nc6 3.Bb5 d6 4.Bxc6+ bxc6 5.O-O Bg4 6.c3 Nf6 7.Re1 e6 8.d3 Be7
9.Nbd2 O-O 10.Nf1 Nd7 11.h3 Bh5 12.Ng3 Bg6 13.Qc2 Qc7 14.Bg5 Nb6 15.Bxe7 Qxe7
16.b3 e5 17.d4 cxd4 18.cxd4 Rac8 19.dxe5 dxe5 20.Nf5 Bxf5 21.exf5 f6 22.Nd4 c5
23.Ne6 Rfe8 24.Rac1 c4 25.bxc4 Rxc4 26.Qb3 Rec8 27.Rxc4 Rxc4 28.Rd1 Rc8 29.a4 Kh8
30.a5 Nc4 31.Qb5 g6 32.Qa6 Re8 33.Qxc4 gxf5 34.Nc7 Rc8 35.Rc1 f4 36.f3 Qa3
37.Qc6 Rf8 38.Qc5  1-0

[Event "Commonwealth Open"]
[Site "Singapore SIN"]
[Date "2009.12.11"]
[Round "4"]
[White "Lazarus,Be"]
[Black "Lo Kin Mun,D"]
[Result "1-0"]
[WhiteElo "2168"]
[BlackElo "2174"]

1.e4 c5 2.Nf3 Nc6 3.Bb5 Na5 4.Be2 e6 5.c4 Qc7 6.Nc3 a6 7.O-O Ne7 8.a3 Ng6
9.d3 Be7 10.Be3 O-O 11.Rc1 Nf4 12.Re1 Nxe2+ 13.Rxe2 b6 14.Na4 e5 15.b4 Nb7
16.Nc3 d6 17.a4 a5 18.bxc5 bxc5 19.Rb2 Nd8 20.Nd5 Qa7 21.Rcb1 f5 22.Nb6 Rb8
23.Nxc8 Rxc8 24.exf5 Qd7 25.Nd2 Nc6 26.g4 Nb4 27.Ne4 d5 28.Ng3 h6 29.Re2 Rfd8
30.Re1 Kh7 31.Qe2 Qxa4 32.g5 Bf8 33.gxh6 gxh6 34.Qg4 Qe8 35.Kh1 Rc7 36.Nh5 Qf7
37.Rg1 Rd6 38.Rg3 Nxd3 39.f6 d4 40.Qf5+ Kh8 41.Rg7 Bxg7 42.fxg7+ Qxg7 43.Nxg7 dxe3
44.Rb8+ Kxg7 45.Qf8+  1-0

[Event "Tch-SLO League"]
[Site "Rogaska Slatina SLO"]
[Date "2009.12.13"]
[Round "4"]
[White "Solak,D"]
[Black "Miladinovic,I"]
[Result "1/2-1/2"]
[WhiteElo "2579"]
[BlackElo "2553"]

1.e4 c5 2.Nf3 Nc6 3.Bb5 Qc7 4.O-O e6 5.c3 a6 6.Ba4 b5 7.Bc2 Bb7 8.a4 bxa4
9.Bxa4 Nf6 10.Re1 Ne7 11.d3  1/2-1/2

[Event "ch-IND National A"]
[Site "Mumbai IND"]
[Date "2009.12.14"]
[Round "13"]
[White "Anurag,M"]
[Black "Abhay,T"]
[Result "1/2-1/2"]
[WhiteElo "2222"]
[BlackElo "2343"]

1.e4 c5 2.Nf3 Nc6 3.Bb5 g6 4.Bxc6 dxc6 5.d3 Bg7 6.h3 Nf6 7.Nc3 Nd7 8.Be3 e5
9.Qd2 h6 10.O-O Qe7 11.a3 Nf8 12.b4 Ne6 13.Na4 b6 14.bxc5 b5 15.Nc3 Bb7 16.Rfb1 f5
17.Qe1 O-O 18.a4 Nd4 19.Bxd4 exd4 20.Ne2 fxe4 21.Ng3 Qxc5 22.Qxe4 Kh7 23.Nh4 Qg5
24.Nf3 Qc5 25.Nh4 Qg5 26.Nf3  1/2-1/2

[Event "Tch-SLO League"]
[Site "Rogaska Slatina SLO"]
[Date "2009.12.15"]
[Round "8"]
[White "Srebrnic,M"]
[Black "Vombek,D"]
[Result "1-0"]
[WhiteElo "2316"]
[BlackElo "2362"]

1.e4 c5 2.Nf3 Nc6 3.Bb5 Qb6 4.a4 a6 5.Bxc6 Qxc6 6.Nc3 e6 7.O-O b6 8.d3 d6
9.b3 Bb7 10.Bb2 Nf6 11.Qe2 Be7 12.Nd2 d5 13.f4 d4 14.Nd1 b5 15.Nf2 Nd7 16.Nf3 b4
17.Rae1 O-O-O 18.Bc1 h6 19.Nd1 Rdg8 20.Ne5 Nxe5 21.fxe5 f6 22.Nb2 Rf8 23.Nc4 Ba8
24.Qg4 f5 25.Qg6 fxe4 26.dxe4 Rxf1+ 27.Kxf1 Rf8+ 28.Kg1 Kb8 29.Qxg7 Qd7 30.Bxh6 d3
31.cxd3 Re8 32.Nd6 Rd8 33.Bg5  1-0

[Event "9th Amplico Life Rapid"]
[Site "Warsaw POL"]
[Date "2009.12.19"]
[Round "3"]
[White "Movsesian,S"]
[Black "Brzeski,M"]
[Result "1-0"]
[WhiteElo "2718"]
[BlackElo "2336"]

1.e4 c5 2.Nf3 Nc6 3.Bb5 g6 4.O-O Bg7 5.c3 Nf6 6.Qa4 O-O 7.d4 cxd4 8.cxd4 d5
9.e5 Nd7 10.h3 Nb6 11.Qd1 Bf5 12.Nc3 Rc8 13.Bf4 Nc4 14.b3 Na3 15.Bd3 Bxd3
16.Qxd3 Nb4 17.Qd2 Qa5 18.Rac1 Nbc2 19.b4 Nxb4 20.Nxd5 Qxd5 21.Qxb4 Nc2 22.Qd2 Qe4
23.Ng5 Qc6 24.d5 Qa4 25.Rfd1 Rc4 26.Bg3 Rd4 27.Qe2 Rxd1+ 28.Qxd1 Rc8 29.d6 exd6
30.exd6 h6 31.Nf3 Qxa2 32.Ne1  1-0

[Event "9th Amplico Life Rapid"]
[Site "Warsaw POL"]
[Date "2009.12.19"]
[Round "4"]
[White "Manik,M"]
[Black "Toma,K"]
[Result "1-0"]
[WhiteElo "2435"]
[BlackElo "2233"]

1.e4 c5 2.Nf3 Nc6 3.Bb5 e6 4.Bxc6 bxc6 5.d3 Ne7 6.Qe2 Ng6 7.h4 h5 8.e5 Be7
9.Nc3 d5 10.exd6 Qxd6 11.Ne4 Qd5 12.c4 Qd8 13.Be3 Qb6 14.O-O e5 15.Rab1 a5
16.Nfd2 Nxh4 17.Nb3 Nf5 18.Bxc5 Qc7 19.Bxe7 Qxe7 20.f4 a4 21.Nbc5 Nd4 22.Qf2 Bg4
23.fxe5 Ne2+ 24.Kh1 O-O 25.d4 Rad8 26.Rbd1 f5 27.exf6 gxf6 28.Rfe1 Nxd4 29.Rxd4 Rxd4
30.Qxd4 f5 31.Kg1 fxe4 32.Nxe4 Rf5 33.Re3 Qf8 34.Ng3 Rf4 35.Re4 Rf6 36.Qe5 Qf7
37.Rd4 Kh7 38.Rd8 Qg7 39.Kh2 h4 40.Nh5 Bxh5 41.Qxh5+ Rh6 42.Qf5+  1-0

[Event "9th Amplico Life Rapid"]
[Site "Warsaw POL"]
[Date "2009.12.19"]
[Round "5"]
[White "Przedmojski,R"]
[Black "Miton,K"]
[Result "0-1"]
[WhiteElo "2390"]
[BlackElo "2586"]

1.e4 c5 2.Nf3 Nc6 3.Bb5 e6 4.O-O Nge7 5.Re1 a6 6.Bxc6 Nxc6 7.d4 cxd4 8.Nxd4 d6
9.Nxc6 bxc6 10.Qg4 h5 11.Qf3 h4 12.h3 Qf6 13.Qe3 Be7 14.c4 O-O 15.Nc3 Qg6
16.b3 c5 17.Bb2 Bb7 18.Rad1 f5 19.f3 Bg5 20.Qd3 Bf4 21.Bc1 Be5 22.f4 fxe4
23.Nxe4 Bxf4 24.Re2 Bxc1 25.Rxc1 Rad8 26.Rce1 Qf5 27.Qd2 e5 28.Nc3 Qf4 29.Rd1 Qd4+
30.Qe3 Qxe3+ 31.Rxe3 Kf7 32.Kf2 Ke6+ 33.Ke2 Rf4 34.g3 hxg3 35.Rxg3 Rdf8 36.Rg6+ R8f6
37.Rdg1 Rf2+ 38.Kd1 Rf1+ 39.Rxf1 Rxg6 40.h4 Rg4 41.h5 Rg5 42.h6 gxh6 43.Rf8 h5
44.Rh8 Kf5 45.Rh6 Kg4 46.Nd5 Bxd5 47.cxd5 h4 48.Rxd6 h3 49.Rh6 Rh5 50.Rg6+ Kf4  0-1

[Event "9th Amplico Life Rapid"]
[Site "Warsaw POL"]
[Date "2009.12.20"]
[Round "9"]
[White "Zherebukh,Y"]
[Black "Krasenkow,M"]
[Result "0-1"]
[WhiteElo "2527"]
[BlackElo "2656"]

1.e4 c5 2.Nf3 Nc6 3.Bb5 e6 4.O-O Nge7 5.Re1 Qc7 6.c3 a6 7.Bf1 d5 8.exd5 Nxd5
9.d4 cxd4 10.Nxd4 Bd6 11.g3 O-O 12.Nxc6 bxc6 13.Bg2 a5 14.c4 Ne7 15.Nc3 Ba6
16.b3 Rad8 17.Qe2 Nf5 18.Bb2 Nd4 19.Qe4 c5 20.Rad1 f5 21.Qb1 e5 22.Nd5 Qf7
23.Kh1 Bb7 24.f4 e4 25.Bxd4 cxd4 26.Rxd4 Bc5 27.Rdd1 Bxd5 28.cxd5 Rxd5 29.Bf1 Rxd1
30.Qxd1 Qb7 31.Bc4+ Kh8 32.Qd5 Qxd5 33.Bxd5 Rd8 34.Rd1 h6 35.Kg2 g5 36.Kf1 gxf4
37.gxf4 Rd6 38.Kg2 Kg7 39.Kg3 Kf6 40.b4 Bxb4 41.Bb3 Bd2  0-1

[Event "9th Amplico Life Rapid"]
[Site "Warsaw POL"]
[Date "2009.12.20"]
[Round "9"]
[White "Maier,C"]
[Black "Vovk,Y"]
[Result "0-1"]
[WhiteElo "2350"]
[BlackElo "2546"]

1.e4 c5 2.Nf3 Nc6 3.Bb5 g6 4.Nc3 Bg7 5.O-O d6 6.Re1 Bd7 7.h3 Nf6 8.e5 Nxe5
9.Nxe5 dxe5 10.Rxe5 Bxb5 11.Nxb5 a6 12.Nc3 Qc7 13.Re1 O-O 14.d3 e6 15.Qf3 Rac8
16.Bg5 Nd7 17.Ne4 f6 18.Bd2 Qc6 19.Bc3 b5 20.Qg3 e5 21.f4 b4 22.Bd2 f5 23.Ng5 h6
24.Nf3 e4 25.dxe4 fxe4 26.Nh4 Kh7 27.c3 a5 28.Rad1 Rce8 29.cxb4 axb4 30.b3 Nb6
31.Be3 Bc3 32.Rf1 Rf6 33.f5 g5 34.Ng6 Nd5 35.Kh1 Nxe3 36.Qxe3 Bd4 37.Qg3 e3
38.Rde1 Qd7 39.Qf3 Qc6 40.Qh5 Qe4 41.Rf3 Rxf5 42.Rxf5 Qxf5 43.Nh4 Qe6 44.Nf3 Kg7
45.Re2 Qe4 46.h4 g4 47.Kg1 gxf3 48.gxf3 Qg6+ 49.Rg2 e2+  0-1

[Event "9th Amplico Life Rapid"]
[Site "Warsaw POL"]
[Date "2009.12.20"]
[Round "10"]
[White "Malisauskas,V"]
[Black "Narmontas,M"]
[Result "0-1"]
[WhiteElo "2483"]
[BlackElo "2370"]

1.e4 c5 2.Nf3 Nc6 3.Bb5 g6 4.Bxc6 dxc6 5.d3 Bg7 6.Nc3 e5 7.Be3 b6 8.h3 Ne7
9.Qd2 h6 10.g4 Be6 11.O-O-O Qc7 12.Nh4 Qb7 13.Kb1 O-O-O 14.Qe2 Kb8 15.Ng2 f5
16.gxf5 gxf5 17.Nh4 Qd7 18.exf5 Nxf5 19.Nxf5 Bxf5 20.h4 Bg4 21.f3 Bh5 22.Rdg1 Rhf8
23.Rg3 Rf7 24.Rxg7 Rxg7 25.Bxh6 Re7 26.Bg5 Rf8 27.Bxe7 Qxe7 28.Qe1 Rxf3 29.b3 Rf4
30.Rg1 Rxh4 31.Rg8+ Kb7 32.Qg3 Bf7 33.Rg7 Rf4 34.Kb2 Ka6 35.Qh3 Qe6 36.Qh7 Qf5
37.Qh8 Qe6 38.Ne4 Qe8 39.Qh7 c4 40.bxc4 Qd7 41.a3 Rf2 42.Nc3 Rf4 43.Qh8 Qd6
44.Rh7 Rf2 45.Rh6 Qxd3  0-1

[Event "9th Amplico Life Rapid"]
[Site "Warsaw POL"]
[Date "2009.12.20"]
[Round "12"]
[White "Manik,M"]
[Black "Janaszak,Daw"]
[Result "1-0"]
[WhiteElo "2435"]
[BlackElo "2310"]

1.e4 c5 2.Nf3 Nc6 3.Bb5 Nf6 4.Bxc6 dxc6 5.d3 g6 6.h3 Bg7 7.Nc3 Nd7 8.Be3 e5
9.Qd2 Qe7 10.Bh6 f6 11.O-O Nf8 12.Bxg7 Qxg7 13.Ne2 Ne6 14.Nh2 O-O 15.b3 g5
16.Ng4 Nf4 17.Ng3 f5 18.exf5 Bxf5 19.Rae1 Rae8 20.Qc3 Bxg4 21.hxg4 b6 22.Nf5 Qf6
23.g3 Nd5 24.Qc4 Re6 25.f3 Rf7 26.Kg2 Ne7 27.Ne3 Kh8 28.Qe4 Qg6 29.Nc4 Qxe4
30.Rxe4 Ng6 31.Rh1 Kg7 32.Rhe1 Kf6 33.R4e2 b5 34.Nd2 Kg7 35.Ne4 h6 36.Nxc5 Ref6
37.Rf1 Re7 38.Re3 Rf8 39.Rfe1 Rfe8 40.c3 Rd8 41.b4 Kf7 42.a4 bxa4 43.Ra1 a5
44.Rxa4 axb4 45.Rxb4 Rd5 46.Ne4 Ra7 47.Rb2 Ne7 48.Nd2 Rad7 49.Nc4 Kf6 50.Nb6 Rxd3
51.Nxd7+ Rxd7 52.Rbe2 Rd5 53.Kf2 Rc5 54.Ke1 Nd5 55.Rxe5 Rxc3 56.Kf2 Rc1 57.Re6+ Kg7
58.Ra2 Nf6 59.Ra7+ Kg6 60.Ra6 Rc2+ 61.Ke1 Kf7 62.Rexc6 Rxc6 63.Rxc6 Kg7 64.Kf2 Nd5
65.Rc5 Nb4 66.Ke3 Kf6 67.Rb5 Nc2+ 68.Ke4 Na3 69.Rb6+ Kg7 70.Kf5 Nc4 71.Rb7+ Kh8
72.Kg6  1-0

[Event "9th Amplico Life Rapid"]
[Site "Warsaw POL"]
[Date "2009.12.20"]
[Round "12"]
[White "Zhigalko,A"]
[Black "Narmontas,M"]
[Result "1-0"]
[WhiteElo "2600"]
[BlackElo "2370"]

1.e4 c5 2.Nf3 Nc6 3.Bb5 g6 4.Bxc6 dxc6 5.d3 Bg7 6.h3 e5 7.O-O Ne7 8.a3 h6
9.Nbd2 g5 10.Nc4 Ng6 11.Ne3 Qf6 12.b4 h5 13.Nf5 Nf4 14.Bb2 Bxf5 15.Bxe5 Qh6
16.Bxf4 gxf4 17.exf5 Bxa1 18.Re1+ Kd7 19.Qxa1 Rhe8 20.bxc5 Rxe1+ 21.Qxe1 Re8
22.Qb4 Kc8 23.Qd4 Qh8 24.Qxf4 Qa1+ 25.Kh2 Qxa3 26.Qc4 Re7 27.Ng5 Qc1 28.h4 Qd2
29.f6 Rd7 30.f3 Qe1 31.Qf4 b6 32.Ne4 bxc5 33.Nxc5 Rd5 34.d4 Qf2 35.Ne6 Kb7
36.Qc7+ Ka6 37.Qxc6+ Ka5 38.Qxd5+ Kb4 39.Qc5+ Ka4 40.Qxa7+ Kb4 41.Qb6+ Kc3
42.Qa5+  1-0

[Event "Christamas Open Masters"]
[Site "Zurich SUI"]
[Date "2009.12.26"]
[Round "1"]
[White "Studer,N"]
[Black "Borner,D"]
[Result "1-0"]
[WhiteElo "1974"]
[BlackElo "2210"]

1.e4 c5 2.Nf3 Nc6 3.Bb5 g6 4.Bxc6 dxc6 5.d3 Bg7 6.h3 e5 7.O-O Qe7 8.Be3 Nf6
9.Qd2 O-O 10.Bh6 Nd7 11.Nc3 Rd8 12.Bxg7 Kxg7 13.Nh2 g5 14.Ne2 Nf8 15.Ng3 Ng6
16.Ng4 Nf4 17.Ne3 Kg6 18.Ngf5 Qf6 19.g3 Ne6 20.Ng4 Qh8 21.f4 gxf4 22.gxf4 exf4
23.Ne7+ Kg5 24.Qg2 h5 25.h4+ Kxh4 26.Nh2 Nd4 27.Rxf4+ Bg4 28.Rxg4+  1-0

[Event "Christamas Open Masters"]
[Site "Zurich SUI"]
[Date "2009.12.26"]
[Round "1"]
[White "Jaracz,P"]
[Black "Commercon,S"]
[Result "1-0"]
[WhiteElo "2532"]
[BlackElo "2142"]

1.e4 c5 2.Nf3 Nc6 3.Bb5 g6 4.Bxc6 dxc6 5.d3 Bg7 6.h3 Nf6 7.Nc3 Nd7 8.Be3 Qa5
9.Qd2 h6 10.O-O g5 11.a3 Nf8 12.Rfb1 g4 13.hxg4 Bxg4 14.Nh2 Be6 15.f4 c4
16.f5 Bd7 17.dxc4 O-O-O 18.Qf2 b6 19.c5 b5 20.Rd1 Nh7 21.b4 Qc7 22.Bd4 Rhg8
23.Nf3 Nf6 24.Qh4 Bh8 25.Be5 Qb7 26.Qh3 h5 27.Rd2 Be8 28.Rxd8+ Kxd8 29.Bxf6 Bxf6
30.e5 Bg7 31.Qxh5 Rh8 32.Qg4 Bf8 33.Qe4 Kc8 34.g4 Bh6 35.Kf2 f6 36.e6 Qc7
37.Ne2 Bg5 38.Kg2 Rh6 39.Rd1 Rh8 40.c4 Kb8 41.Qd4 Kc8 42.a4 Rh6 43.Nc3 bxa4
44.Ra1 Bf4 45.Ne2 Bg5 46.Rxa4 Kb8 47.Ra1 Kc8 48.Rd1 Rh8 49.Nc3 Rh6 50.Ne4 Bf4
51.Nd6+ Bxd6 52.cxd6 exd6 53.Qxd6  1-0

[Event "85th Masters"]
[Site "Hastings ENG"]
[Date "2009.12.28"]
[Round "1"]
[White "Hracek,Z"]
[Black "Eames,R"]
[Result "1/2-1/2"]
[WhiteElo "2624"]
[BlackElo "2276"]

1.e4 c5 2.Nf3 Nc6 3.Bb5 d6 4.O-O Bd7 5.Re1 Nf6 6.c3 a6 7.Bf1 Bg4 8.h3 Bh5
9.d4 cxd4 10.cxd4 e5 11.g4 Bg6 12.Nc3 Be7 13.d5 Nb8 14.Qb3 Nbd7 15.Qxb7 Nc5
16.Qb4 h5 17.g5 Nh7 18.Na4 Rb8 19.Qc4 Nd7 20.Qxa6 O-O 21.b3 Ra8 22.Qd3 Nxg5
23.Nxg5 Bxg5 24.Bxg5 Qxg5+ 25.Qg3 Qh6 26.Qe3 Qh7 27.Rac1 f5 28.exf5 Bxf5
29.Rc6 Rf6 30.Rec1 Raf8 31.Bg2 Bd3 32.Nb2 Bb5 33.Be4 g6 34.Rc8 Nc5 35.Rxf8+ Rxf8
36.Bg2 Qf7 37.b4 Na4 38.Nxa4 Bxa4 39.Be4 Rb8 40.a3 Be8 41.Rc3 Ra8 42.Qg5 Qf4
43.Qxf4 exf4 44.Rb3 Ba4 45.Rc3 Kf7 46.Kf1 g5 47.Bf3 h4 48.Kg2 Kf6 49.Rc7 Bb5
50.Rb7 Bd3 51.Rd7 Ke5 52.Rg7 Kf6 53.Rd7 Ke5 54.Rg7 Kf6 55.Rd7  1/2-1/2

[Event "85th Masters"]
[Site "Hastings ENG"]
[Date "2009.12.28"]
[Round "1"]
[White "Prosviriakov,V"]
[Black "Kwiatkowski,F"]
[Result "1/2-1/2"]
[WhiteElo "2311"]
[BlackElo "2248"]

1.e4 c5 2.Nf3 Nc6 3.Bb5 g6 4.O-O Bg7 5.Re1 Nf6 6.c3 O-O 7.d4 d5 8.e5 Ne4
9.h3 Qb6 10.Bf1 Be6 11.dxc5  1/2-1/2

[Event "Christamas Open Masters"]
[Site "Zurich SUI"]
[Date "2009.12.28"]
[Round "4"]
[White "Pikula,D"]
[Black "Bogdanov,O"]
[Result "1-0"]
[WhiteElo "2541"]
[BlackElo "2280"]

1.e4 c5 2.Nf3 Nc6 3.Bb5 e6 4.O-O Nge7 5.c3 a6 6.Ba4 b5 7.Bc2 Bb7 8.Re1 d5
9.exd5 Nxd5 10.d4 cxd4 11.Nxd4 Nxd4 12.Qxd4 Qf6 13.Qxf6 gxf6 14.a4 Bd6 15.Be4 Kd7
16.Nd2 f5 17.Bf3 Kc7 18.Nb3 Nb6 19.Bh5 Rhg8 20.g3 Nxa4 21.Bxf7 Rg7 22.Bxe6 Re8
23.Nd4 Nc5 24.Bd2 f4 25.Bh3 Rf8 26.b4 fxg3 27.hxg3  1-0

[Event "26th Open"]
[Site "Boeblingen GER"]
[Date "2009.12.29"]
[Round "6"]
[White "Reyer,U"]
[Black "Kabisch,T"]
[Result "1/2-1/2"]
[WhiteElo "2198"]
[BlackElo "2334"]

1.e4 c5 2.Nf3 Nc6 3.Bb5 Nf6 4.Nc3 e6 5.Bxc6 bxc6 6.e5 Nd5 7.O-O Be7 8.Ne4 f5
9.Nd6+ Bxd6 10.exd6 Ba6 11.d3 Qb8 12.c4 Nf6 13.Bf4 Qxb2 14.Qa4 Qb7 15.Rab1  1/2-1/2

[Event "26th Open"]
[Site "Boeblingen GER"]
[Date "2009.12.30"]
[Round "8"]
[White "Reyer,U"]
[Black "Medunova,V"]
[Result "1/2-1/2"]
[WhiteElo "2198"]
[BlackElo "2051"]

1.e4 c5 2.Nf3 Nc6 3.Bb5 g6 4.O-O Bg7 5.Bxc6 dxc6 6.h3 e5 7.d3 Ne7 8.b3 O-O
9.Bb2 Qd6 10.Nbd2 Be6 11.Nc4 Bxc4 12.dxc4 Qc7 13.Qd2 Rad8 14.Qg5 f6 15.Qe3 b6
16.Rad1  1/2-1/2

[Event "26th Open"]
[Site "Boeblingen GER"]
[Date "2009.12.30"]
[Round "9"]
[White "Vatter,H"]
[Black "Abel,D"]
[Result "0-1"]
[WhiteElo "2321"]
[BlackElo "2380"]

1.e4 c5 2.Nf3 Nc6 3.Bb5 Nf6 4.Bxc6 dxc6 5.Qe2 g6 6.O-O Bg7 7.d3 O-O 8.h3 Ne8
9.e5 Nc7 10.a4 Ne6 11.Re1 Nd4 12.Nxd4 cxd4 13.a5 c5 14.b4 cxb4 15.Bd2 b3
16.cxb3 Be6 17.b4 Qd7 18.Na3 b5 19.axb6 axb6 20.Nc4 Rxa1 21.Rxa1 b5 22.Na5 Rc8
23.Bf4 Bd5 24.Qb2 g5 25.Bxg5 Bxe5 26.f4 Bg7 27.Nb3 h6 28.Bh4 Qf5 29.Nc5 Qxf4
30.Qf2 Qxf2+ 31.Kxf2 e6 32.Ra5 Bc6 33.Ra6 Be5 34.Bg3 Bxg3+ 35.Kxg3 Kg7 36.Kf2 h5
37.g3 Kf6 38.Ke2 Rc7 39.Kf2 Ke5 40.h4 f5 41.Rb6 Rc8 42.Ra6 Kd6 43.Nb7+ Kd5
44.Na5 Be8 45.Kf3 e5 46.Nb7 Bc6 47.Na5 e4+ 48.Ke2 Bd7 49.Nb7 exd3+ 50.Kd2 Rc2+
51.Kxd3 Rc3+ 52.Kd2 Bc8 53.Rd6+ Ke5 54.Rb6 Bxb7 55.Rxb7 Rxg3 56.Rxb5+ Ke4
57.Rb8 Rg2+ 58.Kc1 f4 59.b5 Rg6 60.b6 Kd3 61.b7 Rg7 62.Kb2 f3 63.Ka3 Rf7  0-1

[Event "11th Christmas Open"]
[Site "Litomysl CZE"]
[Date "2009.12.30"]
[Round "6"]
[White "Ponizil,C"]
[Black "Novak,Pa1"]
[Result "1/2-1/2"]
[WhiteElo "2304"]
[BlackElo "2377"]

1.e4 c5 2.Nf3 Nc6 3.Bb5 g6 4.Bxc6 bxc6 5.O-O Bg7 6.Re1 e5 7.c3 Ne7 8.d4 cxd4
9.cxd4 exd4 10.Nxd4 O-O 11.Nc3 Rb8 12.Nb3 d5 13.Bg5 d4 14.Ne2 c5 15.Rc1 d3
16.Nc3 c4 17.Bxe7 Qxe7 18.Nd5 Qe5 19.Rxc4 Qxb2 20.Ra4 Bd7 21.Rxa7  1/2-1/2

[Event "85th Masters"]
[Site "Hastings ENG"]
[Date "2009.12.31"]
[Round "4"]
[White "Wilson,A"]
[Black "Sanders,I"]
[Result "1-0"]
[WhiteElo "2089"]
[BlackElo "1777"]

1.e4 c5 2.Nf3 Nc6 3.Bb5 g6 4.O-O Bg7 5.Bxc6 dxc6 6.d3 e5 7.Nc3 Qe7 8.Be3 Nf6
9.h3 Nd7 10.Qd2 O-O 11.Bh6 Re8 12.Bxg7 Kxg7 13.Nh2 Nf8 14.Ne2 Ne6 15.f4 Nd4
16.f5 f6 17.Ng3 g5 18.Qd1 h6 19.a4 c4 20.dxc4 Rd8 21.Qh5 Qf7 22.Qxf7+ Kxf7
23.Rad1 Rh8 24.c3 Nb3 25.Nh5 Ke7 26.Ng4 Rf8 27.Nhxf6 Rxf6 28.Nxf6 Kxf6 29.Rd6+ Kg7
30.Rfd1 Na5 31.Rg6+ Kf7 32.Rxh6 Nxc4 33.Rd8 Nxb2 34.Rh7+  1-0

[Event "22nd Open"]
[Site "Staufer GER"]
[Date "2010.01.02"]
[Round "2"]
[White "Heimrath,R"]
[Black "Foerster,Ra"]
[Result "1-0"]
[WhiteElo "2252"]
[BlackElo "2018"]

1.e4 c5 2.Nf3 Nc6 3.Bb5 g6 4.O-O Bg7 5.Re1 e5 6.c3 Nge7 7.Na3 O-O 8.Nc2 a6
9.Bf1 d5 10.d3 Bg4 11.Ne3 Bxf3 12.Qxf3 d4 13.Nd5 f5 14.Bg5 h6 15.Bxe7 Nxe7
16.Nxe7+ Qxe7 17.cxd4 fxe4 18.Qxe4 Qf7 19.dxc5 Qxf2+ 20.Kh1 Rf4 21.Qxg6 Raf8
22.h3 Qxb2 23.d4 e4 24.Bc4+ Kh8 25.Rad1 R8f6 26.Qe8+ Rf8 27.Qe6 Qc2 28.Bb3 Qf2
29.Rxe4 Qg3 30.Rxf4 Qxf4 31.Bc2 Rf6 32.Qc8+ Rf8 33.Qxb7 Rf7 34.Qe4  1-0

[Event "ch-AUS"]
[Site "Sydney AUS"]
[Date "2010.01.02"]
[Round "1"]
[White "Morris,J"]
[Black "Brown,An"]
[Result "0-1"]
[WhiteElo "2305"]
[BlackElo "2144"]

1.e4 c5 2.Nf3 Nc6 3.Bb5 g6 4.O-O Bg7 5.Bxc6 dxc6 6.d3 e5 7.Be3 Qe7 8.Nbd2 Nf6
9.h3 O-O 10.Nb3 b6 11.a4 c4 12.dxc4 Nxe4 13.Qe2 c5 14.a5 Bb7 15.Rfe1 f5 16.Rad1 f4
17.Bc1 Rae8 18.axb6 axb6 19.Qd3 Rd8 20.Qe2 Nd6 21.Nh2 h5 22.f3 e4 23.fxe4 Nxe4
24.Nf3 Qf6 25.Nbd2 Nd6 26.Qe6+ Qxe6 27.Rxe6 Nxc4 28.Rde1 Nxd2 29.Nxd2 Rf6
30.c3 g5 31.Rxf6 Bxf6 32.Re6 Kf7 33.Rxb6 Bd5 34.Rb5 c4 35.Kf2 g4 36.Nf1 Bh4+
37.Kg1 gxh3 38.Bxf4 hxg2 39.Ne3 Rg8 40.Bh2 Bc6 41.Rc5 Bg5 42.Nxc4 Ba8 43.b4 h4
44.b5 h3 45.b6 Ke6 46.Re5+ Kd7 47.Re1 Rf8 48.Ne5+ Kc8 49.Ng4 Bd2 50.Ra1 Bf3
51.Ra2 Bd5 52.b7+ Kxb7 53.Rb2+ Ka6 54.Nf2 Bxc3 55.Re2 Rf3 56.Bd6 Bd4 57.Bb8 Rb3
58.Ra2+ Kb7 59.Kh2 Kxb8  0-1

[Event "ch-NZL"]
[Site "Auckland NZL"]
[Date "2010.01.03"]
[Round "2"]
[White "Shen,D"]
[Black "Gunn,N"]
[Result "1/2-1/2"]
[WhiteElo "2142"]
[BlackElo "2040"]

1.e4 c5 2.Nf3 Nc6 3.Bb5 g6 4.Bxc6 dxc6 5.h3 e5 6.d3 f6 7.Be3 Nh6 8.Qd2 Nf7
9.Nc3 Be6 10.h4 Be7 11.Ne2 Qc7 12.Ng3 Rd8 13.h5 g5 14.Qc3 b6 15.Nd2 Nd6 16.a4 Nf7
17.f3 h6 18.Nf5 O-O 19.Kf2 Kh7 20.Nxe7 Qxe7 21.g4 a5 22.b3 Nd6 23.Nc4 Bxc4
24.bxc4 Rb8 25.Rhb1 Rb7 26.Rb3 Rfb8 27.Qb2 Kg7  1/2-1/2

[Event "ch-NZL"]
[Site "Auckland NZL"]
[Date "2010.01.03"]
[Round "2"]
[White "Milligan,H"]
[Black "Marner,G"]
[Result "1-0"]
[WhiteElo "1972"]
[BlackElo "2039"]

1.e4 c5 2.Nf3 Nc6 3.Bb5 Nd4 4.Nxd4 cxd4 5.c3 a6 6.Bc4 Qc7 7.d3 dxc3 8.Nxc3 e6
9.Be3 b5 10.Bb3 Nf6 11.Rc1 Qb8 12.O-O Be7 13.f4 d6 14.Kh1 h5 15.f5 b4 16.Na4 Ng4
17.Bg1 Bg5 18.Rxc8+ Qxc8 19.Nb6 Qb7 20.fxe6 f6 21.Bd5 Qa7 22.Qa4+ Ke7 23.Bxa8 Be3
24.Nd5+ Kxe6 25.Nxe3  1-0

[Event "85th Masters"]
[Site "Hastings ENG"]
[Date "2010.01.03"]
[Round "7"]
[White "Breder,D"]
[Black "Furman,Bo"]
[Result "1-0"]
[WhiteElo "2427"]
[BlackElo "2223"]

1.e4 c5 2.Nf3 Nc6 3.Bb5 g6 4.O-O Bg7 5.Re1 Nf6 6.e5 Nd5 7.Nc3 Nc7 8.Bxc6 dxc6
9.Ne4 Ne6 10.d3 O-O 11.Be3 b6 12.Qd2 Re8 13.Bh6 Bh8 14.Ng3 Qd5 15.b3 a5 16.a4 Nd4
17.Nxd4 Qxd4 18.Bf4 Be6 19.Rab1 Rad8 20.Re4 Qd7 21.Rbe1 Bg7 22.Bh6 Bh8 23.Qe3 Qc7
24.Qf4 Rd5 25.Qe3 Rd7 26.h3 Red8 27.Kh2 Rd4 28.f4 Qd7 29.Qf2 Rxe4 30.Rxe4 f5
31.exf6 Bxf6 32.Re2 Bf7 33.Ne4 Qd4 34.Qg3 Qa1 35.Nxf6+ exf6 36.f5 Re8 37.Qd6 Rc8
38.Qd7 Ra8 39.Re7 Qd4 40.Qc7 Qh4 41.Qxc6 Rb8 42.Qc7 Ra8 43.Rxf7 Qxh6 44.Rxf6 Rf8
45.Rxb6 Rxf5 46.Rb8+ Rf8 47.Qd6 Rxb8 48.Qxb8+ Kf7 49.Qc7+ Kf6 50.Qc6+ Kf7
51.Qxc5  1-0